| 000 | 00345nam a22001337a 4500 | ||
|---|---|---|---|
| 999 |
_c13133 _d13133 |
||
| 020 | _a9788131804445 | ||
| 082 | _a570.151 | ||
| 100 | _aDr Qazi Shoeb Ahmad,Dr Mohd. Vaseem Ismail & Shadab Ahmad Khan | ||
| 245 | _aBiostatistics | ||
| 250 | _a2nd Edition | ||
| 260 |
_aIndia _bUniversity Science Press _c2017 |
||
| 300 | _a454 pages | ||
| 942 | _cBK | ||